| 000 | 00000nam 2200000zi 4500 |
| 001 | 9.882966 |
| 003 | CaOODSP |
| 005 | 20221107170434 |
| 006 | m o d f |
| 007 | cr cn||||||||| |
| 008 | 191216s2019 oncd o f000 0 eng d |
| 020 | |a9780660335506 |
| 040 | |aCaOODSP|beng|erda|cCaOODSP |
| 043 | |an-cn---|ar------ |
| 086 | 1 |aR5-746/2019E-PDF |
| 245 | 00|aCanada's Arctic and northern policy framework. |
| 264 | 1|a[Ottawa] : |bGovernment of Canada, |c[2019] |
| 300 | |a1 online resource (1 unnumbered page) : |bgraphs |
| 336 | |atext|btxt|2rdacontent |
| 337 | |acomputer|bc|2rdamedia |
| 338 | |aonline resource|bcr|2rdacarrier |
| 500 | |aCaption title. |
| 500 | |aIssued also in HTML format. |
| 500 | |aIssued by Crown-Indigenous Relations and Northern Affairs Canada. |
| 500 | |aIssued also in French under title: Cadre stratégique du Canada pour l'Arctique et le nord. |
| 520 | |a"A shared vision of the future where Arctic and northern people are thriving, strong and safe"--Page [1]. |
| 651 | 0|aCanada, Northern|xGovernment policy. |
| 710 | 1 |aCanada. |bCrown-Indigenous Relations and Northern Affairs Canada, |eissuing body. |
| 775 | 08|tCadre stratégique du Canada pour l'Arctique et le nord.|w(CaOODSP)9.882967 |
| 775 | 08|t[Canada’s Arctic and northern policy framework].|w(CaOODSP)9.882968 |
| 856 | 40|qPDF|s3.00 MB|uhttps://publications.gc.ca/collections/collection_2020/rcaanc-cirnac/R5-746-2019-eng.pdf |
| 856 | 4 |qHTML|sN/A|uhttps://www.rcaanc-cirnac.gc.ca/eng/1560523306861/1560523330587 |